Όσα έγραψα στο Μοναστήρι, 1903-1912
Αποθηκεύτηκε σε:
| Κύριος συγγραφέας: | |
|---|---|
| Μορφή: | Βιβλίο |
| Γλώσσα: | Greek |
| Δημοσίευση: |
Θεσσαλονίκη :
Εταιρεία Μακεδονικών Σπουδών,
1984.
|
| Σειρά: | Μακεδονική λαϊκή βιβλιοθήκη. Δημοσιεύματα της Εταιρείας Μακεδονικών Σπουδών.
|
| Θέματα: | |
| Ετικέτες: |
Προσθήκη ετικέτας
Δεν υπάρχουν, Καταχωρήστε ετικέτα πρώτοι!
|
MARC
| LEADER | 00000cam a2200000 i 4500 | ||
|---|---|---|---|
| 001 | 1/3640 | ||
| 008 | 000522s1984 gr | ||| |||| ||gre|| | ||
| 035 | |l 10060867 | ||
| 040 | |a GR-MY-UA |b gre |e aacr | ||
| 041 | 0 | |a gre | |
| 082 | 7 | |a 938.94 |2 (22) | |
| 100 | 1 | |a Γεωργιάδης, Νικόλαος Χ., |d 1879-1967. | |
| 245 | 1 | 0 | |a Όσα έγραψα στο Μοναστήρι, 1903-1912 / |c Νικολάου Χαρ. Γεωργιάδου. |
| 260 | |a Θεσσαλονίκη : |b Εταιρεία Μακεδονικών Σπουδών, |c 1984. | ||
| 300 | |a 245 σ. : |b εικ. ; |c 24 εκ. | ||
| 490 | 1 | |a (Μακεδονική λαϊκή βιβλιοθήκη. Δημοσιεύματα της Εταιρείας Μακεδονικών Σπουδών ; |v 33) | |
| 650 | 0 | |a Greeks |z North Macedonia |z Bitola |x History |y 20th century. | |
| 651 | 0 | |a Bitola (Macedonia) |x Social life and customs. | |
| 830 | 0 | |a Μακεδονική λαϊκή βιβλιοθήκη. |p Δημοσιεύματα της Εταιρείας Μακεδονικών Σπουδών. | |
| 852 | |a INST |b LESVOS |e 20000522 |h 938.94 ΓΕΩ |p 005100020898 |q 005100020898 |t BK |y 0 | ||
| 901 | |a BIBL1-2000-2 | ||
| 970 | |z 2000/05/ΔΕΜΕΝΑΓΑΣ (ELIDOC) | ||